| 000 | 00598nam a2200169 4500 | ||
|---|---|---|---|
| 008 | 180104b xxu||||| |||| 00| 0 eng d | ||
| 020 | _a0814750168 | ||
| 082 |
_21985 _aDC 306.0947 _bL24 |
||
| 100 |
_925427 _aLane, David, author. |
||
| 245 |
_aSoviet economy and society / _cDavid Lane. |
||
| 260 |
_aNew York : _b New York University Press, _c©1985. |
||
| 300 |
_axiii, 342 pages : _billustrations, map ; _c 24 cm. |
||
| 500 | _aIncludes bibliographies and index. | ||
| 650 | 0 |
_925428 _aSoviet Union _xEconomic conditions. |
|
| 650 | 0 |
_925429 _aSoviet Union _xSocial conditions. |
|
| 942 |
_2ddc _cDC |
||
| 999 |
_c8220 _d8220 |
||